Catherine of Aragon (Record no. 99036)
[ view plain ]
| 000 -LEADER | |
|---|---|
| fixed length control field | 00337nam a2200157Ia 4500 |
| 003 - CONTROL NUMBER IDENTIFIER | |
| control field | 0100 |
| 005 - DATE AND TIME OF LATEST TRANSACTION | |
| control field | 20190129100603.0 |
| 008 - FIXED-LENGTH DATA ELEMENTS--GENERAL INFORMATION | |
| fixed length control field | 130307s9999 xx 000 0 und d |
| 040 ## - CATALOGING SOURCE | |
| Transcribing agency | ARRUPELIB |
| 050 ## - LIBRARY OF CONGRESS CALL NUMBER | |
| Classification number | SPC. DA333.A6 M3 |
| 300 ## - PHYSICAL DESCRIPTION | |
| Dimensions | 22cm. |
| 100 ## - MAIN ENTRY--PERSONAL NAME | |
| Personal name | Mattingly, Garrett |
| 9 (RLIN) | 44222 |
| 245 ## - TITLE STATEMENT | |
| Title | Catherine of Aragon |
| Statement of responsibility, etc | Garrett Mattingly |
| 260 ## - PUBLICATION, DISTRIBUTION, ETC. (IMPRINT) | |
| Name of publisher, distributor, etc | London |
| Place of publication, distribution, etc | Jonathan cape |
| Date of publication, distribution, etc | 1941 |
| 300 ## - PHYSICAL DESCRIPTION | |
| Extent | 477p. ; |
| 600 ## - SUBJECT ADDED ENTRY--PERSONAL NAME | |
| Personal name | Catherine of Aragon |
| 9 (RLIN) | 44223 |
| 600 ## - SUBJECT ADDED ENTRY--PERSONAL NAME | |
| Personal name | Henry viii |
| General subdivision | Marriage |
| 9 (RLIN) | 44224 |
| 942 ## - ADDED ENTRY ELEMENTS (KOHA) | |
| Source of classification or shelving scheme | Library of Congress Classification |
| Koha item type | SPC |
| Withdrawn status | Lost status | Source of classification or shelving scheme | Damaged status | Not for loan | Collection code | Home library | Current library | Shelving location | Date acquired | Total Checkouts | Full call number | Barcode | Date last seen | Copy number | Price effective from | Koha item type |
|---|---|---|---|---|---|---|---|---|---|---|---|---|---|---|---|---|
| Library of Congress Classification | Main Collection | ARRUPE LIBRARY | ARRUPE LIBRARY | Main Collection | 07/03/2013 | DA333.A6M3 | 46003029528 | 27/10/2017 | 1 | 07/03/2013 | Monograph ( Printed materials) | |||||
| Library of Congress Classification | SPECIAL Collection | ARRUPE LIBRARY | ARRUPE LIBRARY | REFERENCE | 29/01/2019 | SPC. DA333.A6 M3 | 46600003498 | 29/01/2019 | 29/01/2019 | SPC |